000 01307nam a2200241Ia 4500
000 01459naaa 00241uu
001 https://directory.doabooks.org/handle/20.500.12854/51368
005 20260218105802.0
008 211013s9999 xx 000 0 und d
020 _a9783110617580
024 _a10.1515/9783110617580
042 _adc
245 0 _aLandscape's Revenge. The ecology of failure in Robert Walser and Bernardo Carvalho
260 _bDe Gruyter
_c2019
300 _a1 electronic resource (264 p.)
520 _aDrawing from diverse critical traditions from Latin-America and Europe, this work posits the landscape as the pathway to the hidden, dark depths of Robert Walser's and Bernardo Carvalho's literary projects. Behind the deceivingly idyllic or exotic sceneries lies a fictional stage riddled with irony and failure, with anti-heroes and outcasts who, with their dying breaths, narrate a world that is slowly undoing itself.
540 _aCreative Commons
653 _aRomanticism 20th-century Realism Landscape Anti-heroes.
700 1 _aYurgel, Caio
856 _uhttps://docs.google.com/spreadsheets/d/1yKIrdCPDAG_9c22mwoOIO2DOhtj65Wqa/edit?usp=sharing&ouid=106555315294820607512&rtpof=true&sd=true
_yList of Curated E-Books
942 _cE-BOOK
999 _c49038
_d49038